00365nam a2200109Ia 4500008004100000082000800041100001700049245007400066942000600140952009400146999001500240240331s9999 xx 000 0 und d bVEE aVeeraman, K, 0aAccording to Law we are still Shudras-But how? :bA socio-legal study cL 001040708LaWERCLbWERCLcSSCd2024-03-31l0o 340 VEEp722r2024-03-31w2024-03-31yL c2808d2808